[Event "Quebec-ch opB"]
[Site "Montreal"]
[Date "2010.07.31"]
[Round "9"]
[White "Rosen, Matthew"]
[Black "Nicula, Marius"]
[Result "0-1"]
[WhiteElo "2113"]
[BlackElo "2183"]
[PlyCount "94"]
[EventDate "2010.07.24"]
[EventType "swiss"]
[EventRounds "9"]
[EventCountry "CAN"]
[SourceTitle "EXT 2013"]
[Source "ChessBase"]
[SourceDate "2012.11.22"]
[SourceVersion "1"]
[SourceVersionDate "2012.11.22"]
[SourceQuality "1"]

1. d4 e6 2. Nf3 f5 3. c4 Nf6 4. g3 d5 5. Bg2 c6 6. 0-0 Bd6 7. Nc3 0-0 8. Bf4 Bxf4 9. gxf4 Ne4 10. Ne5 Qh4 11. e3 Nd7 12. Nxd7 Bxd7 13. cxd5 exd5 14. Ne2 Rf6 15. f3 Nd6 16. Qb3 Rh6 17. h3 Rg6 18. Kh2 Re8 19. Rad1 Rge6 20. e4 fxe4 21. fxe4 Nxe4 22. f5 R6e7 23. Rf4 Qh6 24. Bxe4 Rxe4 25. Rxe4 Rxe4 26. Ng3 Qf4 27. Rf1 Re2+ 28. Kh1 Rf2 29. Rxf2 Qxf2 30. Qxb7 Qf3+ 31. Kh2 Qf2+ 32. Kh1 Qxg3 33. Qxd7 Qxh3+ 34. Kg1 Qg3+ 35. Kh1 h6 36. Qxc6 Qh3+ 37. Kg1 Qxf5 38. Qa8+ Kh7 39. Qxa7 Qb1+ 40. Kg2 Qxb2+ 41. Kh1 Qc1+ 42. Kg2 Qg5+ 43. Kf2 Qf4+ 44. Kg1 h5 45. a4 h4 46. Qe7 Qg4+ 47. Kh2 h3 0-1

[Event "Quebec-ch opB"]
[Site "Montreal"]
[Date "2010.07.24"]
[Round "1"]
[White "Chiku Ratte, Olivier Kenta"]
[Black "Rosen, Matthew"]
[Result "0-1"]
[WhiteElo "1898"]
[BlackElo "2113"]
[PlyCount "60"]
[EventDate "2010.07.24"]
[EventType "swiss"]
[EventRounds "9"]
[EventCountry "CAN"]
[SourceTitle "EXT 2013"]
[Source "ChessBase"]
[SourceDate "2012.11.22"]
[SourceVersion "1"]
[SourceVersionDate "2012.11.22"]
[SourceQuality "1"]

1. d4 d5 2. c4 dxc4 3. Nf3 Nf6 4. e3 e6 5. Bxc4 a6 6. Bb3 c5 7. 0-0 Nc6 8. Nc3 b5 9. a4 b4 10. Ne2 Be7 11. Ng3 Bb7 12. Re1 0-0 13. Bc2 Qb6 14. b3 Rfd8 15. Bb2 Rac8 16. Qe2 cxd4 17. exd4 Bf8 18. Ne4 Nxe4 19. Qxe4 g6 20. Qh4 Bg7 21. Rad1 Na5 22. Be4 Nxb3 23. Bxb7 Qxb7 24. Qh3 Rc2 25. Ng5 Rxb2 26. Qxh7+ Kf8 27. Rxe6 Nxd4 28. Ree1 Qd5 29. Qh4 Ne2+ 30. Kf1 Qxd1 0-1

[Event "Quebec op U2400"]
[Site "Montreal"]
[Date "2009.07.19"]
[Round "3"]
[White "Audet Bouchard, Nicolas"]
[Black "Rosen, Matthew"]
[Result "1-0"]
[WhiteElo "2151"]
[BlackElo "2044"]
[PlyCount "71"]
[EventDate "2009.07.18"]
[EventType "swiss"]
[EventRounds "9"]
[EventCountry "CAN"]
[SourceTitle "EXT 2011"]
[Source "ChessBase"]
[SourceDate "2010.11.26"]
[SourceVersion "1"]
[SourceVersionDate "2010.11.26"]
[SourceQuality "1"]

1. e4 c5 2. Nf3 d6 3. d4 cxd4 4. Nxd4 Nf6 5. Nc3 a6 6. Be3 e6 7. f4 Nbd7 8. Qf3 Qc7 9. Bd3 b5 10. 0-0-0 Nc5 11. g4 b4 12. Nce2 Bb7 13. Ng3 Rc8 14. Kb1 d5 15. e5 Nfd7 16. h4 Na4 17. Nge2 Bc5 18. g5 Qb6 19. Ka1 g6 20. h5 Ke7 21. Rh4 Qa7 22. Qh3 Qa8 23. Rh1 Rhg8 24. hxg6 hxg6 25. Rh7 Bxd4 26. Nxd4 Nac5 27. f5 gxf5 28. Rxf7+ Kxf7 29. Qh7+ Rg7 30. g6+ Kf8 31. Bh6 Ke8 32. Bxg7 Kd8 33. Bf6+ Kc7 34. Qe7 Re8 35. Qd6+ Kc8 36. g7 1-0

[Event "Quebec op U2400"]
[Site "Montreal"]
[Date "2008.07.23"]
[Round "5"]
[White "Girouard, Michel"]
[Black "Rosen, Matthew"]
[Result "0-1"]
[WhiteElo "1871"]
[BlackElo "2170"]
[PlyCount "32"]
[EventDate "2008.07.19"]
[EventType "swiss"]
[EventRounds "9"]
[EventCountry "CAN"]
[SourceTitle "EXT 2011"]
[Source "ChessBase"]
[SourceDate "2010.11.26"]
[SourceVersion "1"]
[SourceVersionDate "2010.11.26"]
[SourceQuality "1"]

1. e4 c5 2. Nc3 Nc6 3. f4 d6 4. Nf3 Bg4 5. Bb5 e6 6. Bxc6+ bxc6 7. 0-0 Nf6 8. d3 Rb8 9. h3 Bxf3 10. Qxf3 Nd7 11. f5 exf5 12. Qxf5 Ne5 13. b3 g6 14. Qf6 Qxf6 15. Rxf6 Bg7 16. Rf2 Nxd3 0-1

[Event "Quebec op U2300"]
[Site "Montreal"]
[Date "2007.??.??"]
[Round "3"]
[White "Houska, Jiri"]
[Black "Rosen, Matthew"]
[Result "1-0"]
[WhiteElo "2040"]
[BlackElo "2215"]
[PlyCount "35"]
[EventDate "2007.07.20"]
[EventType "swiss"]
[EventRounds "9"]
[EventCountry "CAN"]
[SourceTitle "EXT 2010"]
[Source "ChessBase"]
[SourceDate "2010.11.25"]
[SourceVersion "1"]
[SourceVersionDate "2010.11.25"]
[SourceQuality "1"]

1. e4 c5 2. Nf3 d6 3. d4 cxd4 4. Nxd4 Nf6 5. Nc3 a6 6. Be3 e6 7. Be2 Nbd7 8. f4 b5 9. Bf3 Bb7 10. e5 Bxf3 11. Qxf3 dxe5 12. Nc6 Qc7 13. fxe5 Ng4 14. Nd4 Qxe5 15. Qxa8+ Nb8 16. 0-0-0 Qxe3+ 17. Kb1 Bd6 18. Nf5 1-0

[Event "Quebec op U2300"]
[Site "Montreal"]
[Date "2007.??.??"]
[Round "1"]
[White "Plante, Michel"]
[Black "Rosen, Matthew"]
[Result "1-0"]
[WhiteElo "2005"]
[BlackElo "2215"]
[PlyCount "87"]
[EventDate "2007.07.20"]
[EventType "swiss"]
[EventRounds "9"]
[EventCountry "CAN"]
[SourceTitle "EXT 2010"]
[Source "ChessBase"]
[SourceDate "2010.11.25"]
[SourceVersion "1"]
[SourceVersionDate "2010.11.25"]
[SourceQuality "1"]

1. g3 e5 2. Bg2 Nc6 3. d3 Nf6 4. Nf3 d5 5. c3 Bd6 6. Nbd2 Qe7 7. e4 dxe4 8. dxe4 Bg4 9. h3 Bh5 10. Qa4 Nd7 11. b4 0-0 12. g4 Bg6 13. Qc2 h5 14. Nc4 hxg4 15. hxg4 Nf6 16. Nh4 Nxg4 17. Nxg6 fxg6 18. f3 Nf6 19. Bg5 Qf7 20. Bxf6 Qxc4 21. Bf1 Qe6 22. Bg5 Rxf3 23. 0-0-0 Raf8 24. Be2 Rg3 25. Bh4 Rg2 26. Rdg1 Rxg1+ 27. Rxg1 a6 28. Bg4 Qf7 29. Bg3 b5 30. Rh1 Qc4 31. Be2 Qe6 32. Kb1 Be7 33. a3 Bf6 34. Bf2 Be7 35. Be3 Bf6 36. c4 Rb8 37. cxb5 axb5 38. Qd1 Rd8 39. Qc2 Nd4 40. Bxd4 Rxd4 41. Bxb5 Bg5 42. Bc6 Qd6 43. Qb3+ Kf8 44. Rh8+ 1-0

[Event "Montreal op"]
[Site "Montreal"]
[Date "2005.07.20"]
[Round "4"]
[White "Rosen, Matthew"]
[Black "Libersan, Thierry"]
[Result "0-1"]
[WhiteElo "2191"]
[BlackElo "2065"]
[PlyCount "84"]
[EventDate "2005.07.15"]
[EventType "swiss"]
[EventRounds "9"]
[EventCountry "CAN"]
[SourceTitle "EXT 2007"]
[Source "ChessBase"]
[SourceDate "2006.11.23"]
[SourceVersion "1"]
[SourceVersionDate "2006.11.23"]
[SourceQuality "1"]

1. Nf3 c5 2. c4 Nf6 3. Nc3 g6 4. e4 Nc6 5. d4 cxd4 6. Nxd4 d6 7. Be2 Bg7 8. Be3 0-0 9. 0-0 Bd7 10. f3 Rc8 11. Qd2 Ne5 12. b3 a6 13. a4 Re8 14. Rab1 Qa5 15. Rfc1 Qd8 16. Nc2 Bc6 17. b4 b6 18. b5 axb5 19. axb5 Bb7 20. Nd5 Nfd7 21. Nd4 e6 22. Nb4 Nc5 23. Nb3 Qe7 24. Bg5 f6 25. Be3 Red8 26. Rd1 Rd7 27. Nd4 d5 28. cxd5 exd5 29. Nxd5 Bxd5 30. exd5 Rxd5 31. f4 Nf7 32. Bf3 Rdd8 33. Bf2 f5 34. Qb4 Qc7 35. Nc6 Nd3 36. Qa3 Nxf2 37. Kxf2 Bf8 38. Qa4 Bc5+ 39. Kf1 Re8 40. Bd5 Re4 41. Bxe4 Qxf4+ 42. Ke2 Qe3+ 0-1

[Event "Montreal op"]
[Site "Montreal"]
[Date "2005.07.19"]
[Round "3"]
[White "Hebert, Jean"]
[Black "Rosen, Matthew"]
[Result "1-0"]
[WhiteElo "2405"]
[BlackElo "2191"]
[PlyCount "63"]
[EventDate "2005.07.15"]
[EventType "swiss"]
[EventRounds "9"]
[EventCountry "CAN"]
[SourceTitle "EXT 2007"]
[Source "ChessBase"]
[SourceDate "2006.11.23"]
[SourceVersion "1"]
[SourceVersionDate "2006.11.23"]
[SourceQuality "1"]

1. d4 Nf6 2. c4 e6 3. Nc3 Bb4 4. e3 c5 5. Bd3 Nc6 6. Nf3 0-0 7. 0-0 Bxc3 8. bxc3 d6 9. e4 e5 10. h3 Ne8 11. d5 Ne7 12. Nh2 f5 13. exf5 Bxf5 14. f4 Bxd3 15. Qxd3 exf4 16. Bxf4 Ng6 17. Bg3 Rxf1+ 18. Rxf1 Qg5 19. Qf3 h5 20. Qf7+ Kh7 21. Rf5 Qc1+ 22. Nf1 Qh6 23. Qxb7 Rd8 24. Qxa7 h4 25. Bh2 Kh8 26. Qf7 Ra8 27. a4 Nf6 28. Bxd6 Ne4 29. Qe6 Nxc3 30. Bxc5 Rxa4 31. Bd4 Rxc4 32. Rf8+ 1-0

[Event "Quebec-ch qual"]
[Site "Montreal"]
[Date "2005.07.18"]
[Round "2"]
[White "Rosen, Matthew"]
[Black "Wilkin, Alain"]
[Result "1-0"]
[WhiteElo "2191"]
[BlackElo "1948"]
[PlyCount "60"]
[EventDate "2005.07.17"]
[EventType "swiss"]
[EventRounds "9"]
[EventCountry "CAN"]
[SourceTitle "EXT 2009"]
[Source "ChessBase"]
[SourceDate "2008.11.26"]
[SourceVersion "1"]
[SourceVersionDate "2008.11.26"]
[SourceQuality "1"]

1. Nf3 Nf6 2. c4 d6 3. b3 e5 4. Bb2 Nc6 5. d4 e4 6. d5 Nb4 7. Qd2 Nbxd5 8. cxd5 Nxd5 9. Qxd5 exf3 10. Qxf3 d5 11. Nd2 Be6 12. e3 Bb4 13. Rd1 c6 14. a3 Bd6 15. Bd3 Qd7 16. h3 0-0-0 17. Bxg7 Rhg8 18. Bf6 Rde8 19. Bxh7 Rg4 20. hxg4 Bxg4 21. Bf5 Bxf5 22. Rh4 Qe6 23. Bb2 Rg8 24. Rc1 Kd7 25. g4 Bxg4 26. Qf6 Be7 27. Qxe6+ Bxe6 28. Rh1 Rg4 29. Nf3 f6 30. Ke2 Re4 1-0

[Event "Quebec op"]
[Site "Montreal"]
[Date "2004.07.25"]
[Round "9"]
[White "Roussel Roozmon, Thomas"]
[Black "Rosen, Matthew"]
[Result "1-0"]
[WhiteElo "2451"]
[BlackElo "2201"]
[PlyCount "115"]
[EventDate "2004.07.17"]
[EventType "swiss"]
[EventRounds "9"]
[EventCountry "CAN"]
[SourceTitle "CBM 101 Extra"]
[Source "ChessBase"]
[SourceDate "2004.09.01"]
[SourceVersion "2"]
[SourceVersionDate "2004.09.01"]
[SourceQuality "1"]

1. d4 d5 2. c4 c6 3. Nf3 e6 4. Nc3 Nf6 5. e3 Nbd7 6. Bd3 Bd6 7. 0-0 0-0 8. e4 dxe4 9. Nxe4 Nxe4 10. Bxe4 Nf6 11. Bc2 c5 12. Bg5 h6 13. Bh4 cxd4 14. Qxd4 Be7 15. Rfd1 Qxd4 16. Rxd4 b6 17. Ne5 Bb7 18. Nd7 Rfd8 19. Nxf6+ Bxf6 20. Bxf6 gxf6 21. Rad1 Rxd4 22. Rxd4 Bc6 23. f3 Kf8 24. Kf2 Ke7 25. Ke3 Rg8 26. g3 Rd8 27. Rh4 Rh8 28. Bd3 f5 29. Be2 e5 30. Bd3 Bd7 31. Kd2 Bc6 32. Ke3 Bd7 33. b4 Bc6 34. Kd2 a5 35. bxa5 bxa5 36. Kc3 Bd7 37. Rh5 Kf6 38. h3 Be6 39. g4 fxg4 40. hxg4 Bd7 41. Be4 Bc8 42. Bd5 Bd7 43. Be4 Bc8 44. g5+ Kg7 45. gxh6+ Rxh6 46. Rxe5 Ra6 47. Bd5 Ra7 48. c5 Kf6 49. Re8 Rc7 50. Kd4 Bd7 51. Ra8 a4 52. c6 Bc8 53. Kc5 Ke7 54. Rxa4 Be6 55. Bxe6 fxe6 56. Rb4 Rc8 57. Rb7+ Ke8 58. Rh7 1-0

[Event "Laval op 20th"]
[Site "Laval"]
[Date "2003.04.12"]
[Round "2"]
[White "Rosen, Matthew"]
[Black "Roussel Roozmon, Thomas"]
[Result "0-1"]
[WhiteElo "2106"]
[BlackElo "2320"]
[PlyCount "114"]
[EventDate "2003.04.11"]
[EventType "swiss"]
[EventRounds "5"]
[EventCountry "CAN"]
[SourceTitle "EXT 2006"]
[Source "ChessBase"]
[SourceDate "2005.11.24"]
[SourceVersion "1"]
[SourceVersionDate "2005.11.24"]
[SourceQuality "1"]

1. e4 c5 2. Nf3 Nc6 3. d4 cxd4 4. Nxd4 e6 5. Nc3 Qc7 6. Nxc6 bxc6 7. Bd3 d5 8. 0-0 Nf6 9. Qe2 Be7 10. Bg5 Rb8 11. Rab1 Nxe4 12. Bxe7 Nxc3 13. bxc3 Rxb1 14. Rxb1 Qxe7 15. Ba6 Qc7 16. h3 0-0 17. Bxc8 Qxc8 18. Qe3 Qa6 19. Qc5 Qxa2 20. Rb7 a5 21. Ra7 a4 22. Qxc6 a3 23. Qa4 Qa1+ 24. Kh2 Qxc3 25. Qxa3 Qxa3 26. Rxa3 Rc8 27. c3 g5 28. f3 h5 29. Kg3 Rc4 30. Rb3 Kg7 31. Kf2 Kf6 32. Ra3 Ke5 33. Ke3 f5 34. Rb3 Ra4 35. Rb2 h4 36. Re2 Ra3 37. Kd3+ Kd6 38. Rb2 Ra6 39. Rf2 Ke5 40. Re2+ Kf4 41. Rb2 e5 42. Rb5 Rd6 43. Rb4+ Kg3 44. Rb2 e4+ 45. Kd4 exf3 46. gxf3 Rd8 47. Ke5 Rf8 48. Kxd5 Kxh3 49. c4 Kg3 50. c5 h3 51. c6 h2 52. Rb1 Kg2 53. Rb2+ Kh3 54. Rb1 g4 55. c7 g3 56. Rb8 h1Q 57. Rxf8 Qxf3+ 0-1

[Event "Quebec op"]
[Site "Montreal"]
[Date "1998.08.01"]
[Round "9"]
[White "Rosen, Matthew"]
[Black "Soudre, Nicolas"]
[Result "1/2-1/2"]
[WhiteElo "1871"]
[BlackElo "2016"]
[PlyCount "87"]
[EventDate "1998.07.25"]
[EventType "swiss"]
[EventRounds "9"]
[EventCountry "CAN"]
[SourceTitle "EXT 2022"]
[Source "ChessBase"]
[SourceDate "2021.10.06"]
[SourceVersion "1"]
[SourceVersionDate "2021.10.06"]
[SourceQuality "1"]

1. e4 e6 2. d4 d5 3. Nc3 Bb4 4. e5 c5 5. a3 Bxc3+ 6. bxc3 Ne7 7. Nf3 b6 8. Bb5+ Nbc6 9. 0-0 a5 10. a4 Ba6 11. Rb1 Bxb5 12. Rxb5 Na7 13. Rb1 Qc7 14. Ng5 h6 15. Qh5 g6 16. Qh3 Nf5 17. g4 0-0-0 18. Nf3 Ne7 19. dxc5 bxc5 20. Ba3 h5 21. g5 Nf5 22. Rfe1 Kd7 23. Nd2 c4 24. f4 Rb8 25. Qf3 Rxb1 26. Rxb1 Rb8 27. Rxb8 Qxb8 28. Qf2 Nc6 29. Kf1 Kc7 30. Qc5 Qb6 31. Qf8 Nd8 32. Bc5 Qc6 33. Nf3 Kc8 34. Nd4 Nxd4 35. cxd4 Qb7 36. Ke2 Qb1 37. Kd2 c3+ 38. Kxc3 Qa1+ 39. Kd2 Qxa4 40. Bb6 Qb4+ 41. Qxb4 axb4 42. Bxd8 Kxd8 43. h4 Kc7 44. c3 1/2-1/2

[Event "Quebec op"]
[Site "Montreal"]
[Date "1998.07.31"]
[Round "8"]
[White "Matteau, Pierre"]
[Black "Rosen, Matthew"]
[Result "0-1"]
[WhiteElo "1913"]
[BlackElo "1871"]
[PlyCount "66"]
[EventDate "1998.07.25"]
[EventType "swiss"]
[EventRounds "9"]
[EventCountry "CAN"]
[SourceTitle "EXT 2022"]
[Source "ChessBase"]
[SourceDate "2021.10.06"]
[SourceVersion "1"]
[SourceVersionDate "2021.10.06"]
[SourceQuality "1"]

1. c4 e5 2. Nc3 Nc6 3. g3 f5 4. Bg2 Nf6 5. d3 Bb4 6. e4 fxe4 7. dxe4 0-0 8. Nge2 d6 9. 0-0 Bg4 10. h3 Bh5 11. Be3 Bxc3 12. bxc3 Na5 13. Qd3 Bf7 14. f4 Bxc4 15. Qc2 exf4 16. Rxf4 Nh5 17. Rg4 Nc6 18. Nf4 Nf6 19. Rg5 Ne5 20. h4 h6 21. Rf5 g6 22. Rxe5 dxe5 23. Nxg6 Re8 24. Rd1 Qc8 25. Nxe5 Rxe5 26. Bd4 Qe6 27. Bh3 Qe7 28. Qf2 Rf8 29. Re1 Rxe4 30. Rxe4 Qxe4 31. Bxf6 Bd5 32. Qd4 Qe1+ 33. Bf1 Qxg3+ 0-1

[Event "Quebec op"]
[Site "Montreal"]
[Date "1998.07.26"]
[Round "2"]
[White "Drolet, Stephane"]
[Black "Rosen, Matthew"]
[Result "1-0"]
[WhiteElo "1848"]
[BlackElo "1871"]
[PlyCount "133"]
[EventDate "1998.07.25"]
[EventType "swiss"]
[EventRounds "9"]
[EventCountry "CAN"]
[SourceTitle "EXT 2022"]
[Source "ChessBase"]
[SourceDate "2021.10.06"]
[SourceVersion "1"]
[SourceVersionDate "2021.10.06"]
[SourceQuality "1"]

1. Nf3 Nf6 2. c4 e6 3. g3 b6 4. Bg2 Bb7 5. 0-0 c5 6. Nc3 Be7 7. Re1 0-0 8. e4 d6 9. d4 cxd4 10. Nxd4 Ne8 11. b3 a6 12. Bb2 Qc7 13. Rc1 Bf6 14. Qd2 Nd7 15. Nc2 Rd8 16. Ne3 g6 17. Red1 Qc5 18. Na4 Qh5 19. Ba3 Ne5 20. g4 Nxg4 21. Nxg4 Qxg4 22. f3 Qh4 23. Qf2 Qxf2+ 24. Kxf2 b5 25. cxb5 axb5 26. Nc3 Bxc3 27. Rxc3 Ra8 28. Bb4 Rxa2+ 29. Kg1 e5 30. Bxd6 Nxd6 31. Rxd6 f5 32. Rc7 Bc8 33. Rdc6 Ra8 34. Rc5 fxe4 35. Rxe5 Bf5 36. Ree7 Rf6 37. Rg7+ Kf8 38. Rxh7 Be6 39. Rh8+ Bg8 40. Bf1 Rxf3 41. Bxb5 Rxb3 42. Rxg8+ Kxg8 43. Bc4+ Kh8 44. Bxb3 Rb8 45. Bc2 Re8 46. Kf2 e3+ 47. Ke2 Re6 48. Bd3 g5 49. Bf5 Re5 50. Bd3 Kg8 51. Rh7 Kf8 52. Rh5 Kg7 53. h4 Kf6 54. Rh6+ Kg7 55. Rg6+ Kh8 56. hxg5 Re7 57. Rh6+ Kg8 58. Rh3 Re5 59. g6 Re7 60. Rxe3 Rc7 61. Kf3 Rc5 62. Kf4 Rc7 63. Re5 Kg7 64. Kg5 Ra7 65. Bf5 Rb7 66. Re4 Ra7 67. Rf4 1-0

[Event "Quebec-ch Intercoll"]
[Site "Montreal"]
[Date "1991.03.30"]
[Round "4"]
[White "Rosen, Matthew"]
[Black "Beaulieu, Steeve"]
[Result "0-1"]
[WhiteElo "1792"]
[BlackElo "1546"]
[PlyCount "58"]
[EventDate "1991.03.29"]
[EventType "swiss"]
[EventRounds "6"]
[EventCountry "CAN"]
[SourceTitle "EXT 2022"]
[Source "ChessBase"]
[SourceDate "2021.10.06"]
[SourceVersion "1"]
[SourceVersionDate "2021.10.06"]
[SourceQuality "1"]

1. e4 c5 2. Nf3 d6 3. d4 cxd4 4. Nxd4 Nf6 5. Nc3 g6 6. Be3 Bg7 7. f3 0-0 8. Qd2 Re8 9. Bc4 Nc6 10. 0-0-0 Bd7 11. h4 Ne5 12. Bb3 Rc8 13. Bh6 Bh8 14. h5 Nxh5 15. Rxh5 gxh5 16. f4 Ng4 17. f5 Nxh6 18. Qxh6 Qb6 19. Qxh5 Bxd4 20. Qxf7+ Kh8 21. Rh1 Be3+ 22. Kb1 Bh6 23. Nd5 Qd4 24. f6 Qxe4 25. Qh5 exf6 26. a3 Bg7 27. Nf4 Bf5 28. g3 Re5 29. Qf7 Qxh1+ 0-1